Movie Character Time Machine Quiz Stats

Quiz Updated Jun 12, 2012

Challenge
Share
Tweet
Score 0/20 Timer 05:00
0 Plays Today
Character % Correct
Austin Powers (Goldmember)
91.4%
Forrest Gump (Forrest Gump)
71.8%
Carl Fredricksen (Up)
68.6%
Agent K (Men In Black III)
65%
Tom Riddle (Chamber of Secrets)
54.9%
Boba Fett (Attack of the Clones)
52%
Superman (Superman)
49.3%
Vito Corleone (Godfather II)
43.8%
Indiana Jones (Last Crusade)
41%
Willy Wonka (Charlie and the Chocolate Factory)
40.4%
Character % Correct
Bruce Wayne (Batman Begins)
39.9%
Josh Baskin (Big)
29.9%
Elizabeth Swann (Curse of the Black Pearl)
26.9%
James T. Kirk (Star Trek)
22.6%
Ray Charles (Ray)
16%
Roberta Martin (Now and Then)
11.8%
Charles Kane (Citizen Kane)
10.5%
Clarice Starling (Silence of the Lambs)
7.8%
Conan the Barbarian (Conan the Barbarian)
6.6%
Ellie Arroway (Contact)
1.4%

You're not logged in!

Compare scores with friends on all Sporcle quizzes.
Sign Up with Email
OR
Log In

You Might Also Like...

Show Comments

Extras

Top Quizzes Today


Quiz Stats

Your Account Isn't Verified!

In order to create a playlist on Sporcle, you need to verify the email address you used during registration. Go to your Sporcle Settings to finish the process.